| 000 | 00666nam a2200193 a 4500 | ||
|---|---|---|---|
| 001 | 000018950 | ||
| 005 | 20240229073828.0 | ||
| 008 | 100521s1982 dr a r 000 0 spa d | ||
| 040 |
_aDO-SdBNP _bspa _cBNPHU |
||
| 082 |
_axxxx _bP957p |
||
| 245 | 0 | 0 |
_aPrincipios de prácticas secretariales en la administración pública / _cpresentación Raymundo Amaro Guzmán. |
| 260 |
_aSanto Domingo : _bONAP, _c1982. |
||
| 300 |
_a85 p. : _bil. ; _c21 cm. |
||
| 490 | 1 |
_aEnsayos _v4 |
|
| 504 | _aIncluye referencias bibliográficas y notas al pie de las páginas | ||
| 504 | _aBibliografía : p. 83-84 | ||
| 700 | 1 |
_aAmaro Guzmán, Raymundo _9656 |
|
| 830 | 0 |
_aEnsayos _n4 _940781 |
|
| 999 |
_c18468 _d18468 |
||